[Event "16. Sparkassen Open 2017 - Gruppe B"]
[Site "Forchheim"]
[Date "2017.09.30"]
[Round "2.32"]
[White "Meyer, Robert"]
[Black "Kormann, Christian"]
[Result "0-1"]
[WhiteElo "1715"]
[BlackElo "1737"]
[PlyCount "60"]
[EventDate "2017.??.??"]
[WhiteTeam "SC Stein"]
[BlackTeam "SC Forchheim"]

1. Nf3 d6 2. d4 f5 3. c4 Nf6 4. Nc3 g6 5. Qc2 Bg7 6. g3 O-O 7. Bg2 Qe8 8. O-O
e5 9. dxe5 dxe5 10. Rd1 c6 11. e3 Nbd7 12. b3 e4 13. Nd4 Ng4 14. Ba3 Rf7 15.
Rab1 Nde5 16. h3 Nf6 17. Na4 Nfd7 18. Nb2 g5 19. Ne2 Bf8 20. Bd6 Rf6 21. c5
Bxd6 22. Rxd6 Rxd6 23. cxd6 Nb6 24. Kf1 Be6 25. Nd4 Rd8 26. Qc5 Bd7 27. Nc4
Nbxc4 28. bxc4 b6 29. Qa3 Nxc4 30. Qxa7 Nd2+ 0-1

[Event "16. Sparkassen Open 2017 - Gruppe B"]
[Site "Forchheim"]
[Date "2017.09.30"]
[Round "2.33"]
[White "Weidl, Robert"]
[Black "Lindner, Dominik"]
[Result "1-0"]
[WhiteElo "1855"]
[BlackElo "1696"]
[PlyCount "59"]
[EventDate "2017.??.??"]
[WhiteTeam "SC Unterhaching"]
[BlackTeam "SC Friedberg Gehörl. SV"]

1. e4 c5 2. Nf3 d6 3. d4 cxd4 4. Nxd4 Nf6 5. Nc3 a6 6. Bg5 e6 7. f4 Be7 8. Qf3
Qc7 9. O-O-O Nbd7 10. g4 b5 11. Bxf6 Nxf6 12. g5 Nd7 13. f5 Nc5 14. f6 gxf6 15.
gxf6 Bf8 16. Bh3 Rg8 17. Rhg1 Rg6 18. Rxg6 hxg6 19. Bg4 b4 20. Nd5 exd5 21.
exd5 Nd7 22. Bxd7+ Bxd7 23. Re1+ Kd8 24. Ne6+ Bxe6 25. dxe6 Rc8 26. e7+ Ke8 27.
exf8=Q+ Kxf8 28. Qe2 Qc5 29. Qd2 a5 30. Qh6+ 1-0

[Event "16. Sparkassen Open 2017 - Gruppe B"]
[Site "Forchheim"]
[Date "2017.09.30"]
[Round "2.34"]
[White "Großner, Josef"]
[Black "Grundhammer, Gerhard"]
[Result "0-1"]
[WhiteElo "1872"]
[BlackElo "1698"]
[PlyCount "31"]
[EventDate "2017.??.??"]
[WhiteTeam "SF Fürth"]
[BlackTeam "SU Ebersberg-Grafing"]

1. e4 e5 2. Nf3 Nf6 3. Nc3 Nc6 4. Bc4 Nxe4 5. Nxe4 d5 6. Bd3 dxe4 7. Bxe4 Bd6
8. Bxc6+ bxc6 9. d3 O-O 10. c3 Ba6 11. Be3 c5 12. Qc2 Rb8 13. O-O-O Re8 14.
Rhg1 Bb7 15. Nd2 f5 16. f3 0-1

[Event "16. Sparkassen Open 2017 - Gruppe B"]
[Site "Forchheim"]
[Date "2017.09.30"]
[Round "2.35"]
[White "Hahn, Thomas"]
[Black "Kohler, Alfred"]
[Result "1/2-1/2"]
[WhiteElo "1695"]
[BlackElo "1609"]
[PlyCount "119"]
[EventDate "2017.??.??"]
[WhiteTeam "Zabo-Eintracht Nürnberg"]
[BlackTeam "Schachtreff Röttenbach"]

1. e4 e5 2. f4 Nc6 3. Nf3 d6 4. Bc4 Be7 5. O-O Nf6 6. Nc3 exf4 7. d4 O-O 8.
Bxf4 Bg4 9. Be3 a6 10. h3 Bh5 11. g4 Bg6 12. e5 dxe5 13. dxe5 Ne4 14. Nxe4 Bxe4
15. e6 Bxf3 16. exf7+ Kh8 17. Qxf3 Ne5 18. Qe4 Nxc4 19. Qxc4 Qd6 20. Qf4 Qxf4
21. Rxf4 Bg5 22. Re4 Bxe3+ 23. Rxe3 Rxf7 24. Rae1 Raf8 25. R1e2 g5 26. c4 Kg7
27. Kg2 Rf4 28. b3 R8f7 29. Kg3 Rd4 30. Re4 Rxe4 31. Rxe4 Kf6 32. Kf3 Rd7 33.
Ke2 Rd6 34. c5 Rd5 35. b4 b6 36. cxb6 cxb6 37. Re3 b5 38. Rc3 Rd6 39. Ke3 Ke5
40. Rc5+ Kf6 41. Rf5+ Kg6 42. Ke4 Rd2 43. a3 Ra2 44. Rf3 h5 45. Ke5 Re2+ 46.
Kd6 hxg4 47. hxg4 Rc2 48. Re3 Rc4 49. Rg3 Kf6 50. Kd5 Ke7 51. Ke5 Rf4 52. Kd5
Kd7 53. Ke5 Kc6 54. Rc3+ Kb6 55. Rg3 a5 56. bxa5+ Kxa5 57. Kd5 b4 58. axb4+
Kxb4 59. Ke5 Kc4 60. Ra3 1/2-1/2

[Event "16. Sparkassen Open 2017 - Gruppe B"]
[Site "Forchheim"]
[Date "2017.09.30"]
[Round "2.36"]
[White "Jacob, Karl-Heinz"]
[Black "Walter, Manfred"]
[Result "1/2-1/2"]
[WhiteElo "1703"]
[BlackElo "1809"]
[PlyCount "65"]
[EventDate "2017.??.??"]
[WhiteTeam "SG Sonneberg"]
[BlackTeam "SV Lauf"]

1. Nf3 d6 2. d4 Nf6 3. c4 Nbd7 4. Nc3 e5 5. dxe5 dxe5 6. e4 c6 7. a3 a5 8. Be2
Qc7 9. O-O Bc5 10. Qc2 O-O 11. Bg5 h6 12. Bh4 Re8 13. Rfd1 Nh5 14. g4 Nf4 15.
Bg3 Nxe2+ 16. Qxe2 Nf8 17. Nh4 Qe7 18. h3 Nh7 19. Kh2 Ng5 20. Nf5 Bxf5 21. gxf5
Rad8 22. f3 Bd4 23. Rd3 Bxc3 24. Rxc3 f6 25. h4 Nf7 26. Rd1 Rd7 27. Rxd7 Qxd7
28. Rd3 Qe7 29. Qd2 Rd8 30. Rxd8+ Qxd8 31. Qxd8+ Nxd8 32. c5 a4 33. Kg2 1/2-1/2

[Event "16. Sparkassen Open 2017 - Gruppe B"]
[Site "Forchheim"]
[Date "2017.09.30"]
[Round "2.37"]
[White "Zirlik, Rudi"]
[Black "Albayrak, Aylin"]
[Result "0-1"]
[WhiteElo "1844"]
[BlackElo "1668"]
[PlyCount "31"]
[EventDate "2017.??.??"]
[WhiteTeam "SV Unterkochen"]
[BlackTeam "Zabo-Eintracht Nürnberg"]

1. d4 Nf6 2. g3 d5 3. Bg2 Bf5 4. c4 c6 5. Nc3 e6 6. Qb3 Qb6 7. Nf3 Bb4 8. O-O
Bxc3 9. bxc3 Qxb3 10. axb3 O-O 11. cxd5 Nxd5 12. c4 Nb4 13. Ba3 N4a6 14. Ne1
Rd8 15. e4 Bg6 16. Rd1 0-1

[Event "16. Sparkassen Open 2017 - Gruppe B"]
[Site "Forchheim"]
[Date "2017.09.30"]
[Round "2.38"]
[White "Kiesendahl, Roland"]
[Black "Kolb, Verena"]
[Result "1-0"]
[WhiteElo "1540"]
[BlackElo "1675"]
[PlyCount "56"]
[EventDate "2017.??.??"]
[WhiteTeam "SC Erlangen"]
[BlackTeam "SV Seubelsdorf"]

1. d4 d5 2. c4 Nf6 3. Nc3 c6 4. cxd5 cxd5 5. Nf3 Nc6 6. h3 h6 7. Bf4 Qb6 8. Bc1
Bf5 9. a3 e6 10. e3 Bd6 11. Be2 O-O 12. O-O a6 13. b4 Rac8 14. Bb2 Qa5 15. Na4
Rc7 16. Bd3 Bxd3 17. Qxd3 Rfc8 18. Rac1 b6 19. Rc2 Ne4 20. Rfc1 Nd8 21. Nc3
Nxc3 22. Rxc3 Nb7 23. Rxc7 Rxc7 24. Rxc7 Bxc7 25. Qc3 Nd6 26. Qc6 Nc4 27. Bc1
Bd6 28. Nd2 Bc7 1-0

[Event "16. Sparkassen Open 2017 - Gruppe B"]
[Site "Forchheim"]
[Date "2017.09.30"]
[Round "2.39"]
[White "Bardorz, Christoph"]
[Black "Breu, Alfons"]
[Result "1/2-1/2"]
[WhiteElo "1841"]
[BlackElo "1634"]
[PlyCount "107"]
[EventDate "2017.??.??"]
[WhiteTeam "TSV Rottendorf"]
[BlackTeam "TSV Trostberg"]

1. e4 d6 2. d4 Nf6 3. Bd3 c6 4. Nf3 Bg4 5. h3 Bh5 6. Be3 Nbd7 7. O-O e5 8. c3
Be7 9. Nbd2 O-O 10. Qc2 Re8 11. Nh2 d5 12. f3 Bg6 13. Rae1 Nh5 14. exd5 Bxd3
15. Qxd3 exd4 16. Bxd4 Nc5 17. Qf5 g6 18. Qe5 f6 19. Qe3 Qxd5 20. c4 Qd6 21. b4
Na6 22. c5 Qf4 23. Qxf4 Nxf4 24. a3 Rad8 25. Nb3 Nc7 26. Ng4 Ncd5 27. Ne3 Nxe3
28. Rxe3 Nd5 29. Re6 Kf7 30. Rfe1 Nf4 31. R6e3 Nd5 32. Re6 Nf4 33. R6e4 Nd5 34.
g3 Rd7 35. Kf2 Rdd8 36. Na5 Rd7 37. Nc4 Rdd8 38. Bb2 b5 39. Na5 Nc7 40. Nxc6
Rd2+ 41. R4e2 Rxe2+ 42. Rxe2 a6 43. Rxe7+ Rxe7 44. Nxe7 Kxe7 45. Ke3 Ke6 46. f4
Nd5+ 47. Kd4 Ne7 48. g4 Nc6+ 49. Ke4 Ne7 50. Bc3 f5+ 51. gxf5+ gxf5+ 52. Kd4
Nc6+ 53. Kd3 Kd5 54. Bf6 1/2-1/2

[Event "16. Sparkassen Open 2017 - Gruppe C"]
[Site "Forchheim"]
[Date "2017.09.30"]
[Round "2.1"]
[White "Floegel, Marco"]
[Black "Kodalle, Dominik"]
[Result "1-0"]
[WhiteElo "1598"]
[BlackElo "1480"]
[PlyCount "75"]
[EventDate "2017.??.??"]
[WhiteTeam "SK Herzogenaurach"]
[BlackTeam "Aschaffenburg-Schweinheim"]

1. e4 c5 2. Nf3 Nc6 3. Bc4 a6 4. c3 g6 5. d3 Bg7 6. O-O e6 7. Re1 Nge7 8. Bg5
b5 9. Bb3 b4 10. Qd2 h6 11. Be3 d6 12. d4 cxd4 13. cxd4 a5 14. Ba4 Bd7 15. a3
O-O 16. Bxh6 Nxd4 17. Bxg7 Nxf3+ 18. gxf3 Kxg7 19. Bxd7 Qxd7 20. axb4 axb4 21.
Rxa8 Rxa8 22. Qxb4 e5 23. Kg2 Rh8 24. Rh1 Qh3+ 25. Kg1 Rh5 26. f4 Qg4+ 27. Kf1
Qxf4 28. Nd2 Qg4 29. f3 Qf4 30. Qxd6 Ng8 31. Ke2 Rg5 32. Rf1 Nf6 33. Rf2 Rh5
34. Nf1 Rh8 35. Qd2 Qh4 36. Ng3 Nh7 37. Rg2 Rd8 38. Nf5+ 1-0

[Event "16. Sparkassen Open 2017 - Gruppe C"]
[Site "Forchheim"]
[Date "2017.09.30"]
[Round "2.2"]
[White "Albayrak, Atilla"]
[Black "Bardorz, Jana"]
[Result "1/2-1/2"]
[WhiteElo "1464"]
[BlackElo "1542"]
[PlyCount "74"]
[EventDate "2017.??.??"]
[WhiteTeam "Zabo-Eintracht Nürnberg"]
[BlackTeam "TSV Rottendorf"]

1. d4 d5 2. Bf4 Nf6 3. e3 e6 4. Nf3 Bd6 5. Bg3 O-O 6. Nbd2 c5 7. c3 b6 8. Bd3
Nc6 9. Ne5 Qc7 10. f4 c4 11. Bc2 b5 12. Bh4 Be7 13. Bxf6 Bxf6 14. Qh5 g6 15.
Qh6 Bg7 16. Qh4 Qe7 17. Qf2 Nxe5 18. fxe5 f6 19. exf6 Rxf6 20. Qg3 e5 21. Nf3
Re6 22. O-O b4 23. Ng5 Rf6 24. Rxf6 Bxf6 25. Nf3 bxc3 26. bxc3 e4 27. Ne5 Bxe5
28. dxe5 Qa3 29. Qe1 Rb8 30. Qd2 Rb2 31. Qxd5+ Kg7 32. Bxe4 Qxc3 33. Qd4 Qxd4
34. exd4 Rd2 35. d5 Re2 36. Bf3 Rxe5 37. Rc1 Ba6 1/2-1/2

[Event "16. Sparkassen Open 2017 - Gruppe C"]
[Site "Forchheim"]
[Date "2017.09.30"]
[Round "2.3"]
[White "Albayrak, Berrak"]
[Black "Schell, Hubert"]
[Result "1-0"]
[WhiteElo "1562"]
[BlackElo "1440"]
[PlyCount "53"]
[EventDate "2017.??.??"]
[WhiteTeam "Zabo-Eintracht Nürnberg"]
[BlackTeam "SC-SF Stockstadt"]

1. e4 e6 2. Nf3 d5 3. Nc3 dxe4 4. Nxe4 Nf6 5. Nxf6+ Qxf6 6. d4 h6 7. Be3 Bd6 8.
Qd2 Nc6 9. Bb5 Bd7 10. O-O-O O-O 11. Kb1 a6 12. Bd3 Nb4 13. Be4 Bc6 14. Bxc6
bxc6 15. Ne5 Qe7 16. g4 Bxe5 17. dxe5 Rfd8 18. Qc3 Rxd1+ 19. Rxd1 Rb8 20. Bc5
Rd8 21. Rc1 Qg5 22. Bxb4 Qxg4 23. b3 Rd5 24. Ba3 Qf4 25. Qg3 Qxg3 26. hxg3 Rxe5
27. Rd1 1-0

[Event "16. Sparkassen Open 2017 - Gruppe C"]
[Site "Forchheim"]
[Date "2017.09.30"]
[Round "2.4"]
[White "Lorch, Stephan"]
[Black "Gajewski, Richard"]
[Result "1/2-1/2"]
[WhiteElo "1311"]
[BlackElo "1707"]
[PlyCount "99"]
[EventDate "2017.??.??"]
[WhiteTeam "SF Heidelberg"]
[BlackTeam "Wolframs-Eschenbach"]

1. e4 b6 2. Bc4 e6 3. d4 Bb7 4. Nc3 Bb4 5. Nge2 Bxe4 6. O-O Bb7 7. a3 Be7 8. d5
e5 9. Ng3 g6 10. Re1 d6 11. f4 Nd7 12. fxe5 Nxe5 13. Bb5+ Nd7 14. Qd4 f6 15.
Bg5 Kf7 16. Rf1 h6 17. Bd2 a6 18. Bc6 Rb8 19. Rae1 Ne5 20. Bf4 b5 21. Bxe5 dxe5
22. Qxe5 Qd6 23. Qe6+ Kf8 24. Qxd6 cxd6 25. Rf3 Rh7 26. Re6 Bc8 27. Re1 f5 28.
Nce2 Rf7 29. Nf4 Rf6 30. Rfe3 Kf7 31. Nge2 Bd8 32. Be8+ Kg7 33. Rg3 Kf8 34.
Bxg6 Ne7 35. Bh5 b4 36. a4 Bd7 37. b3 Bb6+ 38. Kh1 Rc8 39. Rc1 Rc5 40. Nd3 Rxd5
41. c4 bxc3 42. Rxc3 f4 43. Nexf4 Rxf4 44. Nxf4 Re5 45. Rc1 Be3 46. Rxe3 Rxe3
47. Rf1 Kg7 48. Bd1 Bf5 49. h3 Be4 50. Nh5+ 1/2-1/2

[Event "16. Sparkassen Open 2017 - Gruppe C"]
[Site "Forchheim"]
[Date "2017.09.30"]
[Round "2.5"]
[White "Knoll, Ernst"]
[Black "Erdösi, Anna"]
[Result "1-0"]
[WhiteElo "1497"]
[BlackElo "1325"]
[PlyCount "119"]
[EventDate "2017.??.??"]
[WhiteTeam "Schachtreff Röttenbach"]
[BlackTeam "TV Tegernsee"]

1. c4 e5 2. Nc3 Nc6 3. g3 Nf6 4. Bg2 Bc5 5. Nf3 d6 6. O-O Be6 7. d3 Qd7 8. a3
a6 9. b4 Ba7 10. b5 axb5 11. cxb5 Na5 12. Bd2 O-O 13. Rb1 c6 14. b6 Bb8 15. Ng5
Bf5 16. Nce4 Nd5 17. Qe1 h6 18. Nf3 Qd8 19. Bxa5 Ra6 20. Qd2 Nxb6 21. Bxb6 Rxb6
22. Rxb6 Qxb6 23. Qb4 Qc7 24. Rb1 Bc8 25. a4 Ba7 26. Qxd6 Qa5 27. Qb4 Qc7 28.
Nd6 b6 29. Nxc8 Rxc8 30. Qe4 f6 31. Nd2 b5 32. Rc1 Qb6 33. e3 bxa4 34. Qxa4 c5
35. Qb3+ Qxb3 36. Nxb3 Kf7 37. Bd5+ Ke7 38. Ra1 Bb6 39. Ra6 Rb8 40. Bc4 Kd6 41.
Nd2 Kc7 42. Nb1 Kb7 43. Nc3 Rd8 44. Na4 Rd6 45. Kg2 h5 46. Kf3 f5 47. h4 g6 48.
Rxb6+ Rxb6 49. Nxb6 Kxb6 50. Bf7 Kc6 51. Bxg6 Kd5 52. Bxf5 c4 53. dxc4+ Kxc4
54. Ke4 Kc5 55. Kxe5 Kc4 56. Bg6 Kc3 57. Bxh5 Kd3 58. g4 Ke2 59. g5+ Kxf2 60.
Kf4 1-0

[Event "16. Sparkassen Open 2017 - Gruppe C"]
[Site "Forchheim"]
[Date "2017.09.30"]
[Round "2.6"]
[White "Gehrke, Jakob"]
[Black "Bardorz, Stefan"]
[Result "0-1"]
[WhiteElo "1349"]
[BlackElo "1531"]
[PlyCount "34"]
[EventDate "2017.??.??"]
[WhiteTeam "TV Tegernsee"]
[BlackTeam "TSV Rottendorf"]

1. b3 e5 2. Bb2 Nc6 3. e3 d5 4. Nc3 Nf6 5. Be2 Bc5 6. g4 Be6 7. g5 Nd7 8. h4 h6
9. gxh6 Rxh6 10. h5 e4 11. Bg4 Nf6 12. f3 Qd6 13. Bxe6 Qg3+ 14. Kf1 fxe6 15. f4
Ng4 16. Qe2 Bxe3 17. Rh3 Qxg1# 0-1

[Event "16. Sparkassen Open 2017 - Gruppe C"]
[Site "Forchheim"]
[Date "2017.09.30"]
[Round "2.7"]
[White "Friedel, Thomas"]
[Black "Huber, Dominik"]
[Result "1-0"]
[WhiteElo "1582"]
[BlackElo "1567"]
[PlyCount "61"]
[EventDate "2017.??.??"]
[WhiteTeam "SV Groß-Gerau"]
[BlackTeam "SC Noris-Tarrasch Nürnberg"]

1. e4 c6 2. d4 d5 3. exd5 cxd5 4. Bd3 Nc6 5. c3 Nf6 6. Bf4 Bg4 7. Qb3 Na5 8.
Bb5+ Bd7 9. Qa4 a6 10. Bxd7+ Nxd7 11. Nd2 e6 12. Ngf3 b5 13. Qc2 Nc4 14. O-O
Be7 15. Nxc4 bxc4 16. b3 cxb3 17. axb3 O-O 18. Qd3 a5 19. Ra2 Qb6 20. c4 Qa6
21. Bd2 dxc4 22. bxc4 a4 23. Rfa1 Bf6 24. Rxa4 Qxa4 25. Rxa4 Rxa4 26. g3 Rd8
27. Qb3 Ra6 28. c5 Be7 29. Qb7 Ra2 30. c6 Ra3 31. Be3 1-0

[Event "16. Sparkassen Open 2017 - Gruppe C"]
[Site "Forchheim"]
[Date "2017.09.30"]
[Round "2.8"]
[White "Warschak, Siegfried"]
[Black "Schmucker, Jonas"]
[Result "1-0"]
[WhiteElo "1578"]
[BlackElo "1515"]
[PlyCount "111"]
[EventDate "2017.??.??"]
[WhiteTeam "SC Höchstadt/Aisch"]
[BlackTeam "SC Noris-Tarrasch Nürnberg"]

1. c4 d5 2. e3 d4 3. exd4 Qxd4 4. Nc3 Nf6 5. Nf3 Qd8 6. d4 Bg4 7. Be2 e6 8. a3
c6 9. Be3 Nbd7 10. d5 exd5 11. cxd5 cxd5 12. Nxd5 Qa5+ 13. Nc3 Ne4 14. O-O Nxc3
15. bxc3 Be7 16. h3 Be6 17. Qd2 Nf6 18. Nd4 Bd7 19. a4 O-O 20. c4 Qxd2 21. Bxd2
Ne4 22. Be3 Bf6 23. Bf3 Nd6 24. Rab1 Rab8 25. Bf4 Be7 26. c5 Nf5 27. Nxf5 Bxf5
28. Rxb7 Rxb7 29. Bxb7 Bxc5 30. Rd1 Bc2 31. Rc1 Bxf2+ 32. Kxf2 Bxa4 33. Ra1 Bb5
34. Rxa7 Re8 35. Bd5 Rf8 36. Rb7 Bd3 37. Bd6 Rd8 38. Rxf7 Rxd6 39. Rd7+ Rxd5
40. Rxd5 Bc4 41. Rd4 Be6 42. Ke3 Kf7 43. Kf4 g6 44. Kg5 h5 45. Rd6 Bf5 46. Kh6
Be4 47. g3 Bf5 48. h4 Be4 49. Kg5 Bc2 50. Rf6+ Kg7 51. Rf2 Bd3 52. Rd2 Be4 53.
Rd7+ Kg8 54. Kh6 Bf5 55. Rg7+ Kh8 56. Rxg6 1-0

[Event "16. Sparkassen Open 2017 - Gruppe C"]
[Site "Forchheim"]
[Date "2017.09.30"]
[Round "2.9"]
[White "Pfann, Elias"]
[Black "Englert, Lin"]
[Result "1-0"]
[WhiteElo "1484"]
[BlackElo "1298"]
[PlyCount "32"]
[EventDate "2017.??.??"]
[WhiteTeam "SC Höchstadt/Aisch"]
[BlackTeam "TV-Großostheim"]

1. e4 e5 2. Bc4 Nf6 3. d3 Bc5 4. Nc3 Nc6 5. Bg5 h6 6. Bh4 Be7 7. Nf3 Bb4 8. O-O
Bxc3 9. bxc3 d6 10. Nd2 O-O 11. f4 exf4 12. Rxf4 g5 13. Qf3 gxf4 14. Qxf4 Kg7
15. Rf1 Kh7 16. Bxf6 Qe8 {Rest unklar} 1-0

[Event "16. Sparkassen Open 2017 - Gruppe C"]
[Site "Forchheim"]
[Date "2017.09.30"]
[Round "2.10"]
[White "Seuberth, Ludwig"]
[Black "Walbrecht, Quirin"]
[Result "0-1"]
[WhiteElo "1693"]
[BlackElo "1278"]
[PlyCount "92"]
[EventDate "2017.??.??"]
[WhiteTeam "SC Forchheim"]
[BlackTeam "TV Tegernsee"]

1. d4 Nf6 2. c4 g6 3. Nc3 Bg7 4. Bg5 d6 5. e3 O-O 6. Bd3 Nc6 7. Rc1 e5 8. d5
Ne7 9. Nge2 h6 10. Bh4 g5 11. Bg3 Nf5 12. e4 Nxg3 13. Nxg3 Qe8 14. Nb5 Qd8 15.
Nc3 a6 16. Be2 Bd7 17. b3 Qe7 18. h3 Rfd8 19. Bg4 Be8 20. Nf5 Qf8 21. h4 Nxg4
22. Qxg4 f6 23. hxg5 hxg5 24. Qh3 Bg6 25. g4 Bxf5 26. exf5 Kf7 27. Ne4 Qh8 28.
Qg2 Qg8 29. Ke2 Ke7 30. Rh2 Qf7 31. Ng3 Rh8 32. Nh5 Rag8 33. c5 Rc8 34. b4 Kd7
35. Qe4 c6 36. dxc6+ bxc6 37. cxd6 Qxa2+ 38. Kf1 Qd5 39. Qb1 Rb8 40. Rg2 Rhg8
41. Rc5 Qxd6 42. Rg3 Qxc5 43. Rd3+ Kc7 44. Qb3 Qe7 45. Qe6 Qxe6 46. fxe6 Rbd8
0-1

[Event "16. Sparkassen Open 2017 - Gruppe C"]
[Site "Forchheim"]
[Date "2017.09.30"]
[Round "2.11"]
[White "Merdian, Nick"]
[Black "Awiszus, Thomas"]
[Result "1/2-1/2"]
[WhiteElo "1275"]
[BlackElo "1605"]
[PlyCount "46"]
[EventDate "2017.??.??"]
[WhiteTeam "SC Postbauer-Heng"]
[BlackTeam "SK Schmiden/Cannstatt"]

1. e4 e6 2. d4 d5 3. exd5 exd5 4. Bd3 Bd6 5. Nf3 Ne7 6. O-O Bg4 7. h3 Bh5 8.
Bg5 f6 9. Be3 Bf7 10. Nc3 c6 11. Qd2 Qc7 12. Rfe1 O-O 13. Rad1 Nd7 14. a3 Nb6
15. Ne2 Nc4 16. Bxc4 dxc4 17. Bf4 Nd5 18. Bxd6 Qxd6 19. c3 Bg6 20. Ng3 Rae8 21.
Nh4 Bd3 22. Nhf5 Qd7 23. Nh4 Qd6 1/2-1/2

[Event "16. Sparkassen Open 2017 - Gruppe C"]
[Site "Forchheim"]
[Date "2017.09.30"]
[Round "2.12"]
[White "Steindl, Horst"]
[Black "Walter, Gabriele"]
[Result "1-0"]
[WhiteElo "1261"]
[BlackElo "1590"]
[PlyCount "199"]
[EventDate "2017.??.??"]
[WhiteTeam "SW Nürnberg Süd"]
[BlackTeam "SV Lauf"]

1. d4 d5 2. Bf4 Bf5 3. Nf3 Nf6 4. e3 e6 5. Bb5+ Nbd7 6. Bd3 Bxd3 7. Qxd3 Be7 8.
Nbd2 O-O 9. O-O c6 10. h3 c5 11. c3 c4 12. Qe2 Nb6 13. Bg5 Nfd7 14. Bxe7 Qxe7
15. Ne5 Nxe5 16. dxe5 Nd7 17. f4 Nc5 18. e4 Rfd8 19. Rad1 Rd7 20. exd5 exd5 21.
Rf3 Re8 22. b3 b5 23. Re3 Qe6 24. Rf1 f6 25. f5 Qe7 26. b4 Nd3 27. e6 Rd6 28.
Nf3 Ra6 29. Nd4 Rf8 30. Nxb5 Ne5 31. Nd4 Nc6 32. Nxc6 Rxc6 33. Rg3 Rd6 34. Qg4
Rc6 35. Qd4 Rd8 36. a4 a6 37. a5 Rc7 38. Rf4 Qd6 39. Rfg4 Re7 40. h4 h6 41. h5
Qe5 42. Rf3 Qxd4+ 43. Rxd4 Kf8 44. Kf2 Ke8 45. Ke3 Kf8 46. Rf1 Rb7 47. Rc1 Ke7
48. Rf4 Kd6 49. Kd4 Kc6 50. Rg4 Kd6 51. Re1 Re7 52. Rb1 Rb8 53. Rg3 Kc6 54. Rf3
Kd6 55. Rf2 Kc6 56. Rfb2 Kb5 57. Kxd5 Rd8+ 58. Ke4 Rd3 59. Rc1 Rd8 60. Ke3 Rd3+
61. Kf4 Rd5 62. Re2 Kc6 63. Re4 Kb5 64. Rd4 Rxd4+ 65. cxd4 Kxb4 66. d5 Kc5 67.
d6 Kxd6 68. Rxc4 Kd5 69. Rb4 Rc7 70. Rb6 Ra7 71. g3 Kc5 72. Ke4 Kc4 73. Rd6 Re7
74. Rd7 Re8 75. Rxg7 Kb5 76. Kd5 Rd8+ 77. Rd7 Re8 78. Kd6 Kxa5 79. e7 Rg8 80.
Rd8 Rxg3 81. e8=Q Rd3+ 82. Ke6 Re3+ 83. Kxf6 Rxe8 84. Rxe8 Kb4 85. Kg6 a5 86.
f6 a4 87. f7 a3 88. f8=Q+ Kb3 89. Qxa3+ Kxa3 90. Kxh6 Kb4 91. Kg6 Kc5 92. h6
Kd6 93. Kf7 Kd7 94. h7 Kd6 95. h8=Q Kd7 96. Rd8+ Kc6 97. Qe8+ Kb7 98. Qd7+ Kb6
99. Rc8 Ka5 100. Qb7 1-0

[Event "16. Sparkassen Open 2017 - Gruppe C"]
[Site "Forchheim"]
[Date "2017.09.30"]
[Round "2.13"]
[White "Hoffmann, Steffen"]
[Black "Seidl, Josef"]
[Result "1/2-1/2"]
[WhiteElo "1445"]
[BlackElo "1592"]
[PlyCount "81"]
[EventDate "2017.??.??"]
[WhiteTeam "SC Noris-Tarrasch Nürnberg"]
[BlackTeam "TSV Kreuzberg"]

1. d4 f5 2. c4 Nf6 3. Nf3 d6 4. Nc3 c6 5. g3 e6 6. Bg2 Be7 7. O-O O-O 8. Bf4
Nbd7 9. b3 Nh5 10. Qd2 Nhf6 11. Rfd1 d5 12. c5 b6 13. b4 Ne4 14. Nxe4 fxe4 15.
Ne5 Nxe5 16. Bxe5 Bf6 17. Bf4 Rf7 18. Qc2 b5 19. f3 Bg5 20. Qd2 Bxf4 21. gxf4
Qh4 22. e3 Rf6 23. Qf2 Qxf2+ 24. Kxf2 exf3 25. Bxf3 Bd7 26. Rg1 Raf8 27. Rg3
Rh6 28. Rh1 Be8 29. Bg4 Rff6 30. h3 Bg6 31. Rc1 Be4 32. Rcg1 g6 33. Rc1 Kf7 34.
Rc3 g5 35. Ke2 gxf4 36. exf4 Rxf4 37. Ra3 Bf5 38. Bxf5 exf5 39. Raf3 Re6+ 40.
Kd3 Ree4 41. Rxf4 1/2-1/2

[Event "16. Sparkassen Open 2017 - Gruppe C"]
[Site "Forchheim"]
[Date "2017.09.30"]
[Round "2.14"]
[White "Wirtz-Stark, Jürgen"]
[Black "Aigner, Patrick"]
[Result "1/2-1/2"]
[WhiteElo "1452"]
[BlackElo "1371"]
[PlyCount "83"]
[EventDate "2017.??.??"]
[WhiteTeam "SK Rothenburg"]
[BlackTeam "Coburger SV"]

1. e4 e6 2. d4 d5 3. exd5 exd5 4. Nf3 Bd6 5. Be3 Be6 6. Bd3 a6 7. Ng5 g6 8.
Nxe6 fxe6 9. Qg4 Qe7 10. Bg5 Nf6 11. Qh4 Nbd7 12. Bxg6+ Kd8 13. Bd3 c6 14. Nd2
Kc7 15. O-O Qg7 16. Bf4 e5 17. dxe5 Bxe5 18. Bxe5+ Nxe5 19. Qf4 Rae8 20. Rfe1
Nfd7 21. Nf3 Rhf8 22. Qg3 Qxg3 23. hxg3 Nxd3 24. cxd3 Nc5 25. Rxe8 Rxe8 26. Re1
Rxe1+ 27. Nxe1 Kd6 28. f4 Ke6 29. g4 Kf6 30. Kf2 h6 31. Ke3 Ne6 32. Nc2 c5 33.
d4 c4 34. Nb4 Nc7 35. b3 a5 36. Nc2 b5 37. bxc4 dxc4 38. a3 Nd5+ 39. Ke4 Nc3+
40. Ke3 Nd5+ 41. Ke4 Nc3+ 42. Ke3 1/2-1/2

[Event "16. Sparkassen Open 2017 - Gruppe C"]
[Site "Forchheim"]
[Date "2017.09.30"]
[Round "2.15"]
[White "Schad, Gerhard"]
[Black "Hauck, Martin"]
[Result "1/2-1/2"]
[WhiteElo "1683"]
[BlackElo "1440"]
[PlyCount "113"]
[EventDate "2017.??.??"]
[WhiteTeam "SV Neustadt/Aisch"]
[BlackTeam "SC Noris-Tarrasch Nürnberg"]

1. c4 d5 2. cxd5 Qxd5 3. Nc3 Qd8 4. g3 Nf6 5. Bg2 e5 6. Nf3 Bd6 7. e3 c6 8. d4
Bg4 9. Qc2 Nbd7 10. O-O Qe7 11. a3 O-O 12. dxe5 Nxe5 13. Nxe5 Qxe5 14. b4 a6
15. Bb2 Qe6 16. Ne4 Be7 17. Nc5 Bxc5 18. Qxc5 Rad8 19. f3 Rd5 20. Qc3 Bh3 21.
e4 Rd7 22. g4 Bxg2 23. Kxg2 Rfd8 24. Qe1 Rd2+ 25. Rf2 Rxf2+ 26. Kxf2 Qb3 27.
Qc3 Qxc3 28. Bxc3 Ne8 29. Ke3 Nc7 30. a4 b5 31. a5 Ne6 32. Rc1 Rd6 33. Be5 Rd8
34. Rxc6 Ra8 35. f4 f6 36. Bxf6 gxf6 37. Rxe6 Kf7 38. f5 Ra7 39. Kf4 h5 40.
gxh5 Rc7 41. h6 Rc2 42. Kg3 Rc3+ 43. Kg4 Rc2 44. h4 Rg2+ 45. Kh5 Rg8 46. Rxa6
Re8 47. Ra7+ Kg8 48. Kg6 Rf8 49. a6 Kh8 50. Rb7 Rg8+ 51. Kxf6 Rf8+ 52. Rf7 Rb8
53. a7 Ra8 54. Rb7 Rf8+ 55. Kg5 Ra8 56. Rb8+ Kh7 57. Rxa8 1/2-1/2

[Event "16. Sparkassen Open 2017 - Gruppe C"]
[Site "Forchheim"]
[Date "2017.09.30"]
[Round "2.16"]
[White "Gehrke, Korbinian"]
[Black "Albayrak, Nese Pinar"]
[Result "1/2-1/2"]
[WhiteElo "1258"]
[BlackElo "1351"]
[PlyCount "122"]
[EventDate "2017.??.??"]
[WhiteTeam "TV Tegernsee"]
[BlackTeam "Zabo-Eintracht Nürnberg"]

1. e4 e5 2. Nf3 Nc6 3. Nc3 Bc5 4. Nxe5 Bxf2+ 5. Kxf2 Nxe5 6. d4 Nc6 7. Ke1 Nf6
8. Bg5 Qe7 9. Qd3 Nb4 10. Qe2 O-O 11. Kd2 Qd6 12. Qc4 Ng4 13. Rd1 Nf2 14. Be2
Nxd1 15. Kxd1 c5 16. Nb5 Qg6 17. Be7 Re8 18. Nc7 Rxe7 19. Nxa8 Qxe4 20. dxc5
Qxc4 21. Bxc4 Re5 22. Rf1 Nd5 23. Re1 Ne3+ 24. Kc1 Nxc4 25. Rxe5 Nxe5 26. Nc7
h5 27. Nd5 Kf8 28. Kd2 f5 29. Ke3 g5 30. h3 h4 31. Nf6 Kf7 32. Nd5 g4 33. Kf4
Ke6 34. Nc7+ Kf6 35. Ne8+ Ke7 36. Nd6 Nf7 37. Nxc8+ Ke6 38. Nxa7 gxh3 39. gxh3
Kf6 40. Kf3 Ke5 41. Kg2 Kf4 42. Nb5 Ke3 43. c3 f4 44. Nd4 Ne5 45. Nf5+ Ke2 46.
Nd4+ Ke3 47. Nf5+ Ke2 48. Nd4+ Kd3 49. Nf3 Nxf3 50. Kxf3 Kc2 51. Kxf4 Kxb2 52.
Kg4 Kxc3 53. Kxh4 Kc4 54. Kg5 Kxc5 55. h4 d5 56. h5 d4 57. h6 d3 58. h7 d2 59.
h8=Q d1=Q 60. Qc8+ Kb6 61. Qe6+ Ka7 1/2-1/2